| 000 | 00561nam a2200193 i 4500 | ||
|---|---|---|---|
| 999 |
_c48003 _d48003 |
||
| 001 | BINCO | ||
| 003 | CO-MdBIC | ||
| 005 | 20200319150507.0 | ||
| 008 | 200319t1957 us a||ad |||| 00| f eng d | ||
| 020 | _a0-590-30054-7 | ||
| 040 |
_aCO-MdBIC _bspa. _cCO-MdBIC _dCO-MdBIC |
||
| 041 | _aeng | ||
| 082 | 0 | 4 |
_a813N _222 _bB27p |
| 100 | 1 | _aBarrie, J.M. | |
| 245 | 1 | 0 |
_aPeter Pan _c/ J.M. Barrie ; Marjorie Torrey ; Josette Frank |
| 264 |
_aNew York : _bScholastic , _c©1957 |
||
| 300 |
_a[80 páginas] : _bIlustraciones a blanco y negro ; _c13 cm. |
||
| 942 | _cLGB | ||